Measure for measure

Sparad:
Bibliografiska uppgifter
Huvudupphovsman: Shakespeare, William
Materialtyp: Bok
Språk:Undetermined
Publicerad: Massachusetts, Estados Unidos Blaidell Publishing 1967
Ämnen:
Taggar: Lägg till en tagg
Inga taggar, Lägg till första taggen!

MARC

LEADER 00000nam a2200000Ia 4500
008 170316s9999 xx 000 0 und d
040 |a cru BVZT 
090 |a 820 S-5me 
100 |a Shakespeare, William 
245 |a Measure for measure 
260 |a Massachusetts, Estados Unidos 
260 |b Blaidell Publishing 
260 |c 1967 
300 |a 112 páginas 
650 |a LITERATURA INGLESA 
999 |c 7152  |d 7152 
942 |c 15 D  |h 820 S-5me  |2 z